Responses for show #2900 - Friday, March 21, 1997

Contestants

[<< previous game]

Ned O'Rourke, a restaurant owner from Los Angeles, California

Robert Manuel, an analyst from San Francisco, California

Steve Douches, a high school math teacher from Fairfax, Virginia (whose 3-day cash winnings total $30,000)

[next game >>]

Jeopardy! Round responses

OPTICS
AMERICAN MUSEUMS
POP CULTURE
U.S. HISTORY
SMALL JOBS
ON "Q"
    $100 21
Polaroid

Steve
    $100 11
Atlanta

Steve
    $100 1
Jean-Claude Van Damme

Robert
    $100 6
Louisiana Purchase

Robert
    $100 22
Cupid

Ned
    $100 13
Quiche

Robert
    $200 27
Mirrors

Robert
    $200 12
Maine

Steve
    $200 2
Bruce Springsteen

Ned
    $200 7
(N: What is the Declaration of Independence?)

The Constitution

SteveNed
    $200 23
(S: Who is the Wicked Witch of the West?)

The Wicked Witch of the East

SteveRobert
    $200 14
Quintuplets

Steve
    $300 28
(S: What is the Mayflower Charter?)
(N: What is a computer?)

Periscope

SteveNed
Triple Stumper
    $300 18
Arkansas

Steve
    $300 3
Nolan Ryan

Steve
    $300 8
Tip O'Neill

Steve
    $300 24
Shoes

Triple Stumper
    $300 15
Quotient

Steve
    $400 29
Trifocals

Steve
    $400 19
Florida

Steve
    $400 4
Bon Jovi

Steve
    $400 9
FBI

Ned
    $400 25
(N: Who is Ratbert?)

Catbert

Ned
Triple Stumper
    $400 16
Quasimodo

Steve
    $500 30
Optic fiber

Robert
    $500 20
Massachusetts

Robert
    $500 5
Joseph And The Amazing Technicolor Dreamcoat

Steve
    $500 10
Atomic Energy Commission

Ned
    $750 26
(less than a minute...)

Puck

Robert
    $500 17
Quid pro quo

Robert

Scores at the first commercial break (after clue 14):

Steve Robert Ned
$2,200 $300 $900

Scores at the end of the Jeopardy! Round:

Steve Robert Ned
$3,600 $2,950 $300

Double Jeopardy! Round responses

MILITARY GOVERNORS
OPERA
BIRDS
FAMOUS PAIRS
SOUTH AMERICAN CAPITALS
NOVEL TITLES
(Alex: We want you to give as your response the title of a novel)
    $200 13
New Orleans

Steve
    $200 2
G.F. Handel

Steve
    $200 29
[The end-of-round signal sounds.]

homing pigeons

Steve
    $200 15
Rodgers & Hammerstein

Steve
    $200 7
Lima

Steve
    $200 1
The Call of the Wild

Robert
    $400 14
(S: What is malaria?)

Yellow fever

Steve
Triple Stumper
    $400 12
(R: Who is Nero?)

Benito Mussolini

SteveRobert
    $400 28
Parrot

Ned
    $1,200 17
Siegfried & Roy

Steve
    $400 8
Montevideo

Steve
    $400 3
The Red Badge of Courage

Ned
    $600 16
(N: What is blank?)
(R: What is mikado?)

Shogun

RobertNed
Triple Stumper
    $600 19
W.A. Mozart

Steve
    $600 26
(S: What are sparrows?)

Swallows

SteveRobert
    $600 18
Chang & Eng Bunker (Siamese twins)

Robert
    $600 9
Quito, Ecuador

Steve
    $600 4
Crime And Punishment

Steve
    $800 24
Pontius Pilate

Steve
    $800 21
Pagliacci

Robert
    $800 27
Booby

Ned
    $800 20
Torvill & Dean

Robert
    $800 10
Brasilia

Steve
    $800 5
What Makes Sammy Run?

Triple Stumper
    $1000 25
Montreal

Triple Stumper
    $1000 22
Seville

Robert
    $1000 23
(and we have a minute to go....)

Funk & Wagnalls

Steve
    $1000 11
Caracas, Venezuela

Robert
    $600 6
(S: No response)

The Long Goodbye

Steve

Scores at the end of the Double Jeopardy! Round:

Steve Robert Ned
$9,400 $6,950 $1,300

[wagering suggestions for these scores]

Final Jeopardy! Round responses

INVENTORS
NedWho are Maggie & Patrick
$0
RobertWho is Archimedes? Hi, Mom!
$4,000
SteveWho is Plato?
$4,600
Archimedes

Final scores:

Steve Robert Ned
$4,800 $10,950 $1,300
2nd place: Trip to Hotel Melia Victoria, Palma de Majorca, Spain New champion: $10,950 3rd place: Panasonic Palmcorder Camcorder

Game dynamics:

Coryat scores:

Steve Robert Ned
$9,200 $6,700 $1,300
28 R
(including 1 DD),
5 W
(including 1 DD)
16 R
(including 1 DD),
2 W
7 R,
4 W

Combined Coryat: $17,200

The J! Archive is created by fans, for fans. The Jeopardy! game show and all elements thereof, including but not limited to copyright and trademark thereto, are the property of Jeopardy Productions, Inc. and are protected under law. This website is not affiliated with, sponsored by, or operated by Jeopardy Productions, Inc. Join the discussion at JBoard.tv.